| 000 | 00808nam a22002297a 4500 | ||
|---|---|---|---|
| 003 | IIN | ||
| 005 | 20250826103843.0 | ||
| 008 | 250826s2025 |||ad||| |||| 001 0 eng d | ||
| 020 |
_a9789356968387 _c795.00 |
||
| 040 | _aIIN | ||
| 082 |
_a610.28 _bARO |
||
| 100 | _aArora, Varinder Singh | ||
| 245 |
_aSynopsis of Medical Instruments & Procedures _cVarinder Singh Arora and Arun Yadav |
||
| 250 | _a4rth ed. | ||
| 260 |
_aNew Delhi _bJaypee Brothers Medical Publishers _c2025 |
||
| 300 |
_axxii, 338 p. _bCol. ill. |
||
| 500 | _aIncludes Index | ||
| 505 | _aIncluding Surgical, Medical, Orthopedics, ENT, Obs. & Gyne., Anesthesia, Opthelmology Instruments, Bandages, Minor Operations: Techniques & Management | ||
| 650 |
_aMedical Surgical _vInstruments _xNursing |
||
| 700 | _aYadav, Arun | ||
| 942 | _cBOOK | ||
| 999 |
_c1868 _d1868 |
||